Retail attractiveness analysis via multicriteria decision making methods

Možnosti využitia viackriteriálnych rozhodovacích metód pre analýzu možností výberu obchodov spotrebiteľmi v Bratislave.

Gespeichert in:
Bibliographische Detailangaben
1. Verfasser: Reiff, Marian, 1978-
Weitere Verfasser: Furková, Andrea, 1975-, Kita, Pavol
Format: Buchkapitel
Sprache:Englisch
Schlagworte:
Tags: Tag hinzufügen
Keine Tags, Fügen Sie das erste Tag hinzu!

MARC

LEADER 00000nla a2200000 4500
001 0165970
005 20240502083406.3
041 0 |a eng 
044 |a RS 
245 1 0 |a Retail attractiveness analysis via multicriteria decision making methods  |c Marian Reiff, Andrea Furková, Pavol Kita 
520 |a Možnosti využitia viackriteriálnych rozhodovacích metód pre analýzu možností výberu obchodov spotrebiteľmi v Bratislave. 
610 2 0 |a maloobchod 
610 2 0 |a analýzy 
610 2 0 |a metódy rozhodovania 
610 2 0 |a rozhodovanie viackriteriálne 
610 2 0 |a spotrebitelia 
100 1 |a Reiff, Marian, 1978- 
700 1 |a Furková, Andrea, 1975- 
700 1 |a Kita, Pavol